000 00700cam a2200205 a 4500
001 000012846
005 20200929163103.0
008 990802s1998 ck b 001 0 spa
020 _a9586760596
040 _aDO-SdBNP
_bspa
_cBNPHU
082 _a343.86102
_bP397b
100 1 _aPenagos, Gustavo.
_929719
245 1 4 _aLos bienes de uso público /
_cGustavo Penagos.
260 _aSantafe de Bogota :
_bEdiciones Doctrina y Ley,
_c1998.
300 _axxi, 571 p. ;
_c23 cm.
500 _aIncluye referencias bibliográficas y notas al pie de las páginas
504 _aBibliografía : p. 556-562
650 4 _aBienes público
_zColombia
_929720
650 4 _aDerecho administrativo
_zColombia.
_929370
999 _c12494
_d12494